Current Trends in Information Technology (Record no. 5735)

MARC details
000 -LEADER
fixed length control field 00273nam a22001097a 4500
005 - DATE AND TIME OF LATEST TRANSACTION
control field 20180912092710.0
008 - FIXED-LENGTH DATA ELEMENTS--GENERAL INFORMATION
fixed length control field 180912b xxu||||| |||| 00| 0 eng d
022 ## - INTERNATIONAL STANDARD SERIAL NUMBER
ISSN 2348-7895
245 ## - TITLE STATEMENT
Title Current Trends in Information Technology
260 ## - PUBLICATION, DISTRIBUTION, ETC. (IMPRINT)
Name of publisher STM Journals
Year of publication 2018
942 ## - ADDED ENTRY ELEMENTS (KOHA)
Koha item type Journals/Serial
Holdings
Lost status Damaged status Home library Current library Shelving location Date acquired Source of acquisition Cost, normal purchase price Accession Number Koha item type
    JRU Library   Periodicals Section 12/09/2018 Purchase 3950.00 CTIT0001 Journals/Serial
    JRU Library     27/11/2018 Purchase   CTIT0002 Journals/Serial
    JRU Library   Periodicals Section 26/04/2019     CTIT0003 Journals/Serial